01451nam a2200373 a 4500001001200000003000800012006001900020007001500039008004100054010001700095015001900112016001800131020004200149020003900191040002100230035002100251050002300272082001500295100002600310245010800336260003800444300002500482490004500507504006800552533015200620650003200772650001700804650001900821655002900840700001900869710001700888830004600905856012600951ebr10270910CaPaEBRm u cr cn|||||||||070913s2007 ne a sb 001 0 eng  z 2007037028 aGBA7846402bnb7 z0141012892Uk z9789004161771 (hardback : alk. paper) z9004161775 (hardback : alk. paper) aCaPaEBRcCaPaEBR a(OCoLC)31036496714aHM656b.A32 2007eb04a303.492221 aAdam, Barbara,d1945-10aFuture mattersh[electronic resource] :baction, knowledge, ethics /cby Barbara Adam and Chris Groves. aLeiden ;aBoston :bBrill,c2007. axvii, 218 p. :bill.1 aSupplements to The study of time ;vv. 3 aIncludes bibliographical references (p. [205]-210) and indexes. aElectronic reproduction.bPalo Alto, Calif. :cebrary,d2013.nAvailable via World Wide Web.nAccess may be limited to ebrary affiliated libraries. 0aTimexSociological aspects. 0aForecasting. 0aSocial action. 7aElectronic books.2local1 aGroves, Chris.2 aebrary, Inc. 0aSupplements to The study of time ;vv. 3.40uhttp://site.ebrary.com/lib/rucke/Doc?id=10270910zAn electronic book accessible through the World Wide Web; click to view